Minimising bureaucracy? (Record no. 78453)

MARC details
000 -LEADER
fixed length control field 01281cab a2200229 4500
001 - CONTROL NUMBER
control field ##L136806
008 - FIXED-LENGTH DATA ELEMENTS--GENERAL INFORMATION
fixed length control field 070223n2007 000 0 eng u
035 ## - SYSTEM CONTROL NUMBER
System control number (Sirsi) u136806
041 0# - LANGUAGE CODE
Language code of text/sound track or separate title eng
100 1# - MAIN ENTRY--PERSONAL NAME
Personal name Pattison, Jenny
245 00 - TITLE STATEMENT
Title Minimising bureaucracy?
260 ## - PUBLICATION, DISTRIBUTION, ETC.
Date of publication, distribution, etc. 2007
490 #0 - SERIES STATEMENT
Series statement New Law Journal
Volume/sequential designation 157(7259) 9 February 2007, 203-204(2)
520 ## - SUMMARY, ETC.
Summary, etc. Reports on key changes introduced by the Construction (Design and Management) Regulations 2007. Briefly explains the scope of the Regulations and how they aim to reduce construction accidents. Outlines the project participants' duties under the Regulations and summarises the main changes to the duty holders' duties, including the client, planning co-ordinator, designers, and contractors. Notes that from April 2007, the 2007 Regulations will apply to all projects, although with modified effect so it will not be necessary to revisit actions taken under the 1994 Regulations.
590 ## - LOCAL NOTE (RLIN)
Local note KA
650 24 - SUBJECT ADDED ENTRY--TOPICAL TERM
Topical term or geographic name entry element CONSTRUCTION (DESIGN AND MANAGEMENT) REGULATIONS 2007
650 24 - SUBJECT ADDED ENTRY--TOPICAL TERM
Topical term or geographic name entry element CONSTRUCTION (DESIGN AND MANAGEMENT) REGULATIONS 1994
651 #4 - SUBJECT ADDED ENTRY--GEOGRAPHIC NAME
Geographic name GREAT BRITAIN
690 ## - LOCAL SUBJECT ADDED ENTRY--TOPICAL TERM (OCLC, RLIN)
Topical term or geographic name as entry element Health and safety
9 (RLIN) 6244
690 ## - LOCAL SUBJECT ADDED ENTRY--TOPICAL TERM (OCLC, RLIN)
Topical term or geographic name as entry element BUILT ENVIRONMENT-CONSTRUCTION MANAGEMENT-CONSTRUCTION DESIGN AND MANAGEMENT
942 ## - ADDED ENTRY ELEMENTS (KOHA)
Suppress in OPAC 0
Holdings
Withdrawn status Lost status Source of classification or shelving scheme Damaged status Not for loan Home library Current library Shelving location Date acquired Total Checkouts Full call number Barcode Date last seen Copy number Price effective from Koha item type
    Dewey Decimal Classification     London London Journal article 23/02/2007   L136806 136806-1001 06/08/2019 1 06/08/2019 Journal article